000 01030nam a2200313 i 4500
003 EG-GICUC
005 20260121101419.0
008 251203s1980 mau||||fr|||| 00| 0 eng d
020 _a0205069487
040 _aEG-GiCUC
_beng
_cEG-GiCUC
_dEG-GiCUC
_erda
041 0 _aeng
082 0 4 _221
_a343.1
_bJO . H
092 0 4 _221
099 _aLaw1 10 343.1 JO . H 1980
100 1 _aJoseph, Alexander
_eAuthor.
245 1 0 _aHandbook of Crime Scene Investigation /
_cBy Alexander Joseph, Harrison C. Allison.
264 1 _aMassachusetts :
_bAllyn And Bacon, INC,
_c1980.
300 _a190 pages ;
_bIncludes tables, and charts.
_c24 cm.
336 _2rda content
_atext
337 _2rda media
_aComputer
338 _2rda carrier
_aOnline Resource
504 _aBibliography: pages 183-184 and index.
546 _aText in English
650 1 4 _aCriminal law
700 1 _aAllison, Harrison C.
_eAuthor.
856 4 0 _uhttps://fll.law.cu.edu.eg/fulltext/bks/B10-00305.pdf
905 _a33
_eHassnaa
942 _2ddc
_cBK
_e21
_n0
999 _c48083
_d48083